O mysli [síla v tobě : jak pěstovat odvahu : pozitívní a negativní účinek myšlenek : hmotná mysl proti mysli duchovní]

Bibliographic Details
Main Author: Mulford, Prentice, 1834-1891 (Author)
Other Authors: Weinfurter, K. (Translator)
Format: Book
Language:Czech
English
PhysicalDescription:309 s. ilustr. 20 cm
Published: Bratislava Eugenika 2011
ISBN:9788081002618
Edition:1. vyd.
Subjects:

MARC

LEADER 00000cam a22000005a 4500
001 vtls010333148
003 SK-MaSNL
005 20260301213746.0
008 240314s2011 xo a e 000 0 cze
015 |a SNBA2012/07-04077 
020 |a 9788081002618  |q (brož.)  |z 9788081002120 
035 |a 730F4C2B-8D4F-43C9-A9FA-D9E030EA1B3B 
035 |a urn:nbn:sk:snk-amjjhu 
035 |a urn:nbn:sk:snk-am002bjj 
040 |a SNK  |b slo  |c SNK  |e AACR2 
041 0 |a cze  |h eng 
044 |a xo  |c SK 
072 7 |a 159.95  |x Vyššie duševné procesy  |2 konspekt 
080 |a 159.955  |2 2001 
080 |a 17.02  |2 2001 
080 |a 17.024.4  |2 2001 
080 |a (0.062)  |2 2001 
080 |a 159.923.5  |2 2001 
100 1 |a Mulford, Prentice,  |d 1834-1891  |4 aut  |9 40533 
245 1 0 |a O mysli  |b [síla v tobě : jak pěstovat odvahu : pozitívní a negativní účinek myšlenek : hmotná mysl proti mysli duchovní]  |c Prentice Mulford ; [na základe překladu K. Weinfurtera] 
250 |a 1. vyd. 
260 |a Bratislava  |b Eugenika  |c 2011 
300 |a 309 s.  |b ilustr.  |c 20 cm 
650 0 7 |a myslenie  |2 SNKPH  |9 1638 
650 0 7 |a úspech  |2 SNKPH  |9 3804 
650 0 7 |a sebazdokonaľovanie  |2 SNKPH  |9 16609 
650 0 7 |a Thought and thinking  |2 SNKPHeng  |9 313886 
650 0 7 |a Success  |2 SNKPHeng  |9 311134 
650 0 7 |a Self-actualizatio  |2 SNKPHeng  |9 601152 
650 0 7 |a životná harmónia  |2 SNKPH  |9 4976 
650 0 7 |a Harmony of life  |2 SNKPHeng  |9 306452 
650 0 7 |a pozitívne myslenie  |2 SNKPH  |9 4009 
650 0 7 |a Positive thinking  |2 SNKPHeng  |9 266375 
655 7 |a populárno-náučné publikácie  |2 SNKPH  |9 70460 
655 7 |a Popular works  |2 SNKPHeng  |9 90287 
700 1 |a Weinfurter, K.  |4 trl  |9 601153 
852 |a Štátna vedecká knižnica v Banskej Bystrici 
919 |a 978-80-8100-261-8 
968 |a Čes  |b ENG  |d 1 
999 |c 922639  |d 924569 
952 |a SNK  |b SNK  |y VYP  |7 0  |p 17A0879034  |o snkSD 80628 D2  |i snk2012/5721  |8 0  |0 0  |1 0  |4 0  |d 2012-03-06  |l 0  |r 2017-06-30 00:00:00  |w 2026-02-24 
952 |a SNK  |b SNK  |y PREZ  |7 0  |p 17A0834494  |o snkSD 80628  |i snk2012/362  |8 0  |0 0  |1 0  |4 0  |d 2012-01-05  |l 0  |r 2025-12-01 00:00:00  |w 2026-02-24 
952 |a SNK  |b SNK  |y VYP  |7 0  |p 17A0834493  |o snkSD 80628 D1  |i snk2012/363  |8 0  |0 0  |1 0  |4 0  |d 2012-01-05  |f 1  |l 0  |r 2017-06-30 00:00:00  |w 2026-02-24